Biblioteca

La estructura de nuestra fe (Registro nro. 33116)

Detalles MARC
000 -LÍDER
Campo fijo de descripción fija 01206cam a2200289 i 4500
001 - NÚMERO DE CONTROL
Campo de control 768714001
003 - IDENTIFICADOR DEL NÚMERO DE CONTROL
Campo de control CO-MdFUSB
005 - FECHA Y HORA DE LA ULTIMA TRANSACCIÓN
control field 20231108165533.0
007 - CAMPO FIJO DE DESCRIPCIÓN FIJA--INFORMACIÓN GENERAL
Campo fijo de descripción fija ta
008 - ELEMENTOS DE LONGITUD FIJA -- INFORMACIÓN GENERAL
Campo fijo de descripción fija -- Información general 160824t2005 -us||||| |||| 00| 0 spa d
020 ## - NÚMERO INTERNACIONAL NORMALIZADO PARA LIBROS
Número Internacional Normalizado del libro 1-928915-82-5
040 ## - FUENTE DE CATALOGACIÓN
Agencia que realiza la transcripción CO-MdFUSB
Agencia de catalogación original CO-MdFUSB
Idioma de catalogación spa
Agencia que realiza la modificación CO-MdFUSBC
Convenciones de la descripción rda
041 ## - CÓDIGO DE IDIOMA
Código de idioma para texto/pista de sonido o título separado spa
082 04 - NÚMERO DE CLASIFICACIÓN DECIMAL DEWEY
Número de clasificación G 230.09 B9551e
245 03 - TÍTULO
Título del Material La estructura de nuestra fe
Mención de responsabilidad, etc. / editado por: Harold W. Burgess ; traducido por: Rachel L. Coleman y Marcia Leiva de Janón
264 ## - PRODUCCIÓN, PUBLICACIÓN, DISTRIBUCIÓN, MANUFACTURA, Y COPYRIGHT
Lugar de producción, publicación, distribución, manufactura Anderson, Indiana :
Nombre del productor, publicador, distribuidor Bristol House , Nappanee, IN : Evangel Publishing House ,
Fecha de producción, publicación, distribución, manufactura, o copyright 2005
264 #1 - PRODUCCIÓN, PUBLICACIÓN, DISTRIBUCIÓN, MANUFACTURA, Y COPYRIGHT
Lugar de producción, publicación, distribución, manufactura Wilmore, Kentucky :
Nombre del productor, publicador, distribuidor Francis Asbury Society,
Fecha de producción, publicación, distribución, manufactura, o copyright [2005]
264 #4 - PRODUCCIÓN, PUBLICACIÓN, DISTRIBUCIÓN, MANUFACTURA, Y COPYRIGHT
Fecha de producción, publicación, distribución, manufactura, o copyright ©2005
300 ## - DESCRIPCIÓN FÍSICA
Extensión 88 p.
Dimensiones ;
336 ## - TIPO DE CONTENIDO
Fuente rdacontent
Término de tipo de contenido texto
Código de tipo de contenido txt
337 ## - TIPO DE MEDIO
Fuente rdamedia
Nombre del tipo de medio sin mediación
Código del tipo de medio n
338 ## - TIPO DE SOPORTE
Fuente rdacarrier
Nombre del tipo de soporte volumen
Código Tipo de soporte nc
505 00 - NOTA DE CONTENIDO
Nota de contenido con formato preestablecido La fe en Dios -- Dios el creador -- El Jesús de la historia -- Jesús: Dios encarnado -- La palabra de la cruz -- El poder y la sabiduría -- el Espíritu de Dios -- El pueblo de Dios -- Los medios de gracia -- La palabra escrita -- El remedio doble -- La esperanza de la gloria.
650 #7 - ASIENTO SECUNDARIO DE MATERIA - TERMINO TEMÁTICO
Término temático o nombre geográfico como elemento de entrada Teología doctrinal
9 (RLIN) 179
942 ## - TIPO DE MATERIAL (KOHA)
Tipo de Item KOHA Libros General
945 ## - INFORMACIÓN LOCAL DEL REGISTRO
Catalogador Johan1477
Existencias
Estado de Material Estado de Perdido Estado de Dañado No para Préstamo Colección Tomo Biblioteca de Origen Biblioteca Permanente Fecha de Adquisición Total de Préstamos Signatura Topográfica Código de Barras Última vez visto Última vez Préstado Ejemplar/Existencia Fecha de Remplazo Tipo de Material
        Colección General   Biblioteca FUSBC Biblioteca FUSBC 14/10/2011 1 G 230.09 B9551e 17218 13/12/2019 03/03/2018 1 26/01/2016 Libros General
        Colección General   Biblioteca FUSBC Biblioteca FUSBC 14/10/2011   G 230.09 B9551e 17219 13/12/2019   2 26/01/2016 Libros General

Biblioteca FUSBC | Teléfono: (57+4) 349 88 10 Ext. 141| WhatsApp (+57) 3005338115 
E-mail: biblioteca@unisbc.edu.co | Calle 76 87-14 Robledo Palenque, Medellín, Colombia

Con tecnología Koha